[Event "7th BayEM"]
[Site "Bad Wiessee GER"]
[Date "2003.11.14"]
[Round "7"]
[White "Sarbok,T"]
[Black "Heinz,A"]
[Result "1-0"]
[WhiteElo "2352"]
[BlackElo "2222"]

1.e4 c5 2.Nf3 e6 3.d4 cxd4 4.Nxd4 a6 5.Nc3 Qc7 6.Bd3 b5 7.O-O Nf6 8.Re1 Bb7
9.Qe2 d6 10.a4 bxa4 11.Rxa4 Be7 12.Bd2 Nfd7 13.Qg4 O-O 14.Qg3 Ne5 15.Bf1 Nbd7
16.f4 Nc6 17.Nb3 Nb6 18.Raa1 Rfe8 19.Be3 Nd7 20.Qf2 Bf6 21.Ra4 Bxc3 22.bxc3 Nf6
23.Bb6 Qb8 24.Bd3 e5 25.fxe5 Nxe5 26.Bd4 Qc7 27.Nd2 a5 28.c4 Bc6 29.Bb6 Qe7
30.Rxa5 Rxa5 31.Bxa5 Nfg4 32.Qf4 Qh4 33.Nf3 Nxf3+ 34.gxf3 Qxe1+ 35.Bxe1  1-0

[Event "Fakel Jamala"]
[Site "Noyabrsk RUS"]
[Date "2003.11.18"]
[Round "1"]
[White "Farakhov,R"]
[Black "Yakovich,Y"]
[Result "1/2-1/2"]
[WhiteElo "2383"]
[BlackElo "2573"]

1.e4 c5 2.Nf3 e6 3.d4 cxd4 4.Nxd4 a6 5.Nc3 b5 6.Bd3 d6 7.O-O Nf6 8.Qe2 Be7
9.a4 b4 10.Na2 e5 11.Nb3 Nc6 12.c3 Bg4 13.Qc2 bxc3 14.Qxc3 Qb6 15.Be3 Qb7
16.Rfc1 O-O 17.Qxc6 Qxb3 18.Bxa6 Bd7  1/2-1/2

[Event "TCh-ESP Final"]
[Site "Sanxenxo ESP"]
[Date "2003.11.18"]
[Round "2"]
[White "Suarez Pousa,D"]
[Black "Del Barrio Gomez,J"]
[Result "1-0"]
[WhiteElo "2383"]
[BlackElo "2306"]

1.e4 c5 2.Nc3 e6 3.Nf3 a6 4.d4 cxd4 5.Nxd4 Qc7 6.Bd3 Nf6 7.O-O Bc5 8.Nb3 Be7
9.f4 d6 10.Be3 Nc6 11.Qf3 O-O 12.Rad1 Nb4 13.g4 Nd7 14.g5 Re8 15.Be2 Bf8
16.Rd2 b6 17.Qg3 Bb7 18.f5 Ne5 19.Qf2 b5 20.Bb6 Qc8 21.Na5 Nbc6 22.Nxb7 Qxb7
23.a4 b4 24.Nd1 Nb8 25.Bd4 Nbd7 26.Qh4 exf5 27.exf5 Rac8 28.Ne3 d5 29.Bh5 Bc5
30.c3 bxc3 31.bxc3 Nb6 32.Rg2 g6 33.Bg4 Bf8 34.Rg3 Nbc4 35.Rh3 h6 36.gxh6 Kh7
37.fxg6+ fxg6 38.Bxc8 Qxc8 39.Nxd5 Re6 40.Qf2  1-0

[Event "Fakel Jamala"]
[Site "Noyabrsk RUS"]
[Date "2003.11.19"]
[Round "2"]
[White "Kovchan,A"]
[Black "Shtyrenkov,V"]
[Result "1-0"]
[WhiteElo "2561"]
[BlackElo "2502"]

1.e4 c5 2.Nf3 e6 3.d4 cxd4 4.Nxd4 a6 5.Nc3 Qc7 6.Bd3 Nf6 7.f4 Nc6 8.Nxc6 Qxc6
9.Qe2 Bb4 10.Bd2 d6 11.O-O-O Qc7 12.Kb1 Ba5 13.Rhe1 Bd7 14.e5 dxe5 15.fxe5 Bxc3
16.Bxc3 Nd5 17.Bd2 Bc6 18.c4 Ne7 19.Bb4 O-O-O 20.Bd6 Rxd6 21.exd6 Qxd6 22.g3 Qc7
23.Be4 h5 24.Qf3 Nf5 25.Bxc6 Qxc6 26.Qxc6+ bxc6 27.Re5 Kc7 28.Ra5 Ra8 29.Rd3 Nd6
30.Rxh5 f6 31.Rh7 Rg8 32.Ra3 Kb7 33.Re3 e5 34.c5 Nb5 35.g4 a5 36.g5 Ka6 37.gxf6 gxf6
38.Rg3 Rf8 39.a4 Nd4 40.Rgg7 Ra8 41.Rb7  1-0

[Event "7th Cup GM"]
[Site "Paks HUN"]
[Date "2003.11.19"]
[Round "1"]
[White "Nevednichy,V"]
[Black "Papp,Ga"]
[Result "1-0"]
[WhiteElo "2575"]
[BlackElo "2432"]

1.e4 c5 2.Nf3 e6 3.d4 cxd4 4.Nxd4 a6 5.Nc3 b5 6.Bd3 Qb6 7.Nf3 Nc6 8.O-O Qb8
9.a4 b4 10.Nb1 Nf6 11.Nbd2 Ng4 12.Nc4 Bc5 13.a5 h5 14.Bg5 Nd4 15.g3 Nxf3+
16.Qxf3 Ne5 17.Nxe5 Qxe5 18.h4 Qxb2 19.c3 Rb8 20.Rab1 Qa3 21.Ra1 Qb2 22.cxb4 Rxb4
23.Rac1 d6 24.Be3 Bb7 25.Rxc5 dxc5 26.Bxc5 Rb3 27.Qd1 Bc8 28.Bxa6 Qe5 29.Qxb3 Qxc5
30.Bxc8 Qxc8 31.Qa3 f6 32.Rc1 Qd7 33.a6 Kf7 34.Qa5 Kg6 35.Qb4 Ra8 36.Qb7 Ra7
37.Qxd7 Rxd7 38.Kg2 Kf7 39.Rb1 Rd6 40.Ra1 Rd8 41.f4 Ke7 42.a7 Ra8 43.Kf3 Kd7
44.g4 g6 45.gxh5 gxh5 46.Ra6 f5 47.e5 Kc7 48.Rxe6  1-0

[Event "ch-IND A Women"]
[Site "Calicut IND"]
[Date "2003.11.20"]
[Round "17"]
[White "Thipsay,B"]
[Black "Sachdev,T"]
[Result "1/2-1/2"]
[WhiteElo "2249"]
[BlackElo "2218"]

1.e4 c5 2.Nf3 e6 3.d4 cxd4 4.Nxd4 a6 5.Nc3 Qc7 6.Be2 Nf6 7.O-O Nc6 8.Be3 Bb4
9.Na4 Be7 10.Nxc6 bxc6 11.Nb6 Rb8 12.Nxc8 Qxc8 13.e5 Nd5 14.Bc1 Bc5 15.Kh1 O-O
16.c4 Ne7 17.b3 Qc7 18.Bb2 Ng6 19.f4  1/2-1/2

[Event "TCh-SLO"]
[Site "Celje SLO"]
[Date "2003.11.21"]
[Round "6"]
[White "Vombek,D"]
[Black "Gruskovnjak,T"]
[Result "1-0"]
[WhiteElo "2326"]
[BlackElo "2336"]

1.e4 c5 2.Nc3 e6 3.Nf3 a6 4.d4 cxd4 5.Nxd4 d6 6.g3 Nf6 7.Bg2 Be7 8.O-O O-O
9.Be3 Qc7 10.g4 Nc6 11.g5 Nd7 12.f4 Nxd4 13.Bxd4 b5 14.Qh5 f6 15.Bh3 Nc5
16.f5 b4 17.fxe6 g6 18.Nd5 Qb7 19.gxf6 Bxf6 20.Nxf6+ Rxf6 21.Qh4 Rxf1+ 22.Rxf1 Nxe6
23.Qf6  1-0

[Event "IM"]
[Site "Varazdin CRO"]
[Date "2003.11.24"]
[Round "5"]
[White "Segovic,G"]
[Black "Fancsy,I"]
[Result "0-1"]
[WhiteElo "2091"]
[BlackElo "2409"]

1.e4 c5 2.Nf3 e6 3.d4 cxd4 4.Nxd4 a6 5.Nc3 Qc7 6.Be3 Bb4 7.Qd2 Nf6 8.Bd3 d5
9.exd5 Nxd5 10.Nde2 Nc6 11.O-O Nxe3 12.Qxe3 O-O 13.f4 g6 14.Kh1 Be7 15.Ng3 Bd7
16.Rad1 Rfe8 17.a3 Rad8 18.Nce4 Bc8 19.Ng5 Bf6 20.c3 Bg7 21.h4 Rd5 22.Bxg6 Rxg5
23.Bxf7+ Qxf7 24.fxg5 Qc7 25.Nf5 Qe5 26.Qxe5 Nxe5 27.Nxg7 Kxg7 28.Rf4 Nc6
29.Rdf1 Nd8 30.h5 e5 31.Rf6 Bg4 32.h6+ Kg8 33.g6 Bh5 34.g7 Nf7 35.g4 Bg6
36.g5 e4 37.Kg1 e3 38.Re1 Re5 39.Rd1 Rxg5+ 40.Kf1 e2+ 41.Kxe2 Bh5+ 42.Rf3 Rg2+
43.Ke3 Bxf3 44.Kxf3 Rxb2 45.Rh1 Rb6 46.Ke4 Nxh6 47.c4 Kxg7 48.c5 Rb3 49.Kd5 Nf5
50.a4 Rb4 51.Ke6 Nd4+ 52.Kd5 Nc6 53.Rg1+ Kh8 54.Ra1 h5 55.Kd6 Kg7  0-1

[Event "IM"]
[Site "Varazdin CRO"]
[Date "2003.11.26"]
[Round "9"]
[White "Makaj,M"]
[Black "Fancsy,I"]
[Result "0-1"]
[WhiteElo "2172"]
[BlackElo "2409"]

1.e4 c5 2.Nf3 e6 3.d4 cxd4 4.Nxd4 a6 5.Nc3 Qc7 6.Bd3 Nf6 7.O-O Bc5 8.Nb3 Be7
9.f4 d6 10.Qf3 O-O 11.Qg3 Nc6 12.Bd2 b5 13.a3 Bb7 14.Rae1 b4 15.axb4 Nxb4
16.e5 dxe5 17.fxe5 Nh5 18.Qh3 Nxd3 19.Qxd3 Rfd8 20.Qh3 g6 21.Bh6 a5 22.Qg4 a4
23.Nb5 Qb6+ 24.N3d4 Ba6 25.Qf3 Bxb5 26.Qxf7+ Kh8 27.Qxe7 Bxf1 28.Be3 Ba6
29.Nxe6 Qa5 30.c3 Re8 31.Qf7 Bc4  0-1

[Event "IM"]
[Site "Varazdin CRO"]
[Date "2003.11.27"]
[Round "11"]
[White "Segovic,G"]
[Black "Ivanov,J"]
[Result "0-1"]
[WhiteElo "2091"]
[BlackElo "2426"]

1.e4 c5 2.Nf3 e6 3.d4 cxd4 4.Nxd4 a6 5.Nc3 b5 6.Bd3 Qb6 7.Be3 Bc5 8.Qg4 Bxd4
9.e5 Nc6 10.Qxg7 Bxe5 11.Qxe5 Nxe5 12.Bxb6 Bb7 13.Ne4 Bxe4 14.Bxe4 d5 15.Bd4 f6
16.Bxe5 fxe5 17.Bf3 Nf6 18.c3 Ke7 19.O-O Rhb8 20.Rfc1 Kd6 21.Be2 Nd7 22.Rc2 Nc5
23.Rac1 Rc8 24.Kf1 Rc7 25.Ke1 Rac8 26.f3 Rg8 27.Bf1 Rf7 28.Rf2 h5 29.Rd1 h4
30.c4 bxc4 31.Bxc4 a5 32.Bf1 e4 33.fxe4 Rxf2 34.Kxf2 Nxe4+ 35.Ke3 Rb8 36.b3 Nc3
37.Rd2 e5 38.g4 Rf8 39.Bg2 Rf4 40.h3 d4+ 41.Kd3 Kc5 42.Rc2 e4+ 43.Kd2 Kb4
44.g5 Rf5 45.g6 Rg5 46.Bxe4 Nxe4+ 47.Kd3 Nd6 48.Kxd4 Rxg6 49.Ke5 Ka3 50.Rd2 Nb5
51.Kf5 Ra6 52.Kg4 Nc3 53.Kxh4 Nxa2 54.Kg5 Kxb3 55.h4 Nc3 56.Rh2 a4 57.h5 Ne4+
58.Kf5 Ng3+  0-1

[Event "Cultural Village"]
[Site "Wijk aan Zee NED"]
[Date "2003.11.27"]
[Round "3"]
[White "Tan,Kev"]
[Black "Langheinrich,F"]
[Result "0-1"]
[WhiteElo "2294"]
[BlackElo "2384"]

1.e4 c5 2.Nf3 e6 3.d4 cxd4 4.Nxd4 a6 5.Nc3 Qc7 6.a4 Nf6 7.Bd3 b6 8.Qe2 Bb7
9.O-O Nc6 10.Nb3 Bc5 11.Be3 Bxe3 12.Qxe3 Ng4 13.Qh3 h5 14.f3 Nf6 15.f4 Ne7
16.Qg3 Rg8 17.e5 Ng4 18.Rad1 f5 19.h3 h4 20.Qe1 Nh6 21.Qxh4 Nf7 22.Be2 g5
23.fxg5 O-O-O 24.Bf3 Rxg5 25.Rd4 Rdg8 26.Rc4 Rxg2+ 27.Kh1 Bxf3 28.Rxc7+ Kxc7
29.Qc4+ Bc6 30.Ne4 fxe4 31.Nd4 R2g3 32.Kh2 Nxe5 33.Qe2 Nf3+ 34.Nxf3 Rxf3
35.Qxa6 Rxf1 36.Qxf1 e3 37.h4 e2 38.Qxe2 Nf5 39.Qe5+ Kb7 40.h5 Rg2+ 41.Kh3 Rg5
42.Qf6 Rxh5+ 43.Kg4 Rh4+ 44.Kg5 Rxa4 45.b3 Ra8 46.Qf7 Nd4 47.Qh7 Ra2 48.Kf6 Rxc2
49.Qd3 e5 50.Kxe5 Rc5+ 51.Kf6 Rd5 52.Qe3 Rd6+ 53.Kg5 Ne6+ 54.Kf5 Rd5+ 55.Kf6 Nc7
56.Qg3 Rd1 57.Ke7 Nd5+ 58.Kf7 Rf1+ 59.Kg7 Nc7 60.b4 d5 61.Qe3  0-1

[Event "Cultural Village"]
[Site "Wijk aan Zee NED"]
[Date "2003.11.28"]
[Round "4"]
[White "Tan,Kev"]
[Black "Van Delft,M"]
[Result "0-1"]
[WhiteElo "2294"]
[BlackElo "2402"]

1.e4 c5 2.Nf3 e6 3.d4 cxd4 4.Nxd4 a6 5.Nc3 b5 6.Bd3 d6 7.a3 Nf6 8.O-O Bb7
9.Re1 Nbd7 10.f4 Qb6 11.Be3 Qc7 12.Bf2 Be7 13.Qf3 Nc5 14.g4 d5 15.e5 Nfe4
16.Bxe4 Nxe4 17.Nce2 Bc5 18.Be3 Qe7 19.c3 O-O 20.Ng3 f6 21.exf6 Rxf6 22.Nxe4 dxe4
23.Qg3 Raf8 24.Rad1 Bd6 25.Ne2 Bd5 26.Qg2 R6f7 27.Rd2 Bc5 28.Qf2 Bxe3 29.Qxe3 Bb7
30.Red1 e5 31.f5 g6 32.Ng3 Qh4 33.Qe2 e3 34.Qxe3 Qxg4 35.Qxe5 Rxf5 36.Qe6+ R8f7
37.Rd8+ Kg7 38.Qe3 R5f6 39.Qe5 Qf3 40.R8d2 Kh6 41.Re1 Rf4 42.Qe3 Qxe3+ 43.Rxe3 Kg7
44.Re1 h5 45.Rf1 Bf3 46.Rd4 Rxd4 47.cxd4 h4 48.Nh1 Rf4 49.h3 g5 50.Kh2 Kg6
51.Ng3 hxg3+ 52.Kxg3 Bd5 53.Rxf4 gxf4+ 54.Kxf4 Kf6 55.b4 Bf7 56.Ke4 Ke6 57.a4 Kd6
58.d5 Bxd5+ 59.Kd4 Bf7 60.h4 Bg6 61.a5 Bf7 62.Ke4 Bh5 63.Ke3 Ke5 64.Kd3 Kd5
65.Kc3 Ke4  0-1

[Event "ch-GRE w"]
[Site "Aspropyrgos GRE"]
[Date "2003.12.03"]
[Round "5"]
[White "Fakhiridou,E"]
[Black "Stiri,A"]
[Result "1-0"]
[WhiteElo "2262"]
[BlackElo "2183"]

1.e4 c5 2.Nf3 e6 3.d4 cxd4 4.Nxd4 a6 5.Nc3 b5 6.g3 b4 7.Nce2 Bb7 8.Bg2 Nf6
9.Qd3 d6 10.O-O Nbd7 11.Bg5 Be7 12.Bxf6 Bxf6 13.c4 bxc3 14.Nxc3 Nc5 15.Qd2 Qb6
16.Rfd1 O-O 17.Rab1 Be7 18.b4 Nd7 19.Nb3 Rac8 20.Na5 Ba8 21.Na4 Qb5 22.Nc3 Qe5
23.Rb3 Rfd8 24.Re1 Bf6 25.Nd1 Qb5 26.Bf1 Qb6 27.Nc4 Qa7 28.Ra3 d5 29.exd5 Bxd5
30.Nde3 Ba8 31.Qe2 Qb7 32.Bg2 Qxb4 33.Bxa8 Rxa8 34.Rb3 Qc5 35.Rd1 Ne5 36.Nxe5 Qxe5
37.Rxd8+ Bxd8 38.Qf3 Ra7 39.Qc6 Be7 40.Rb6 Qc5 41.Rb8+  1-0

[Event "Open"]
[Site "Santo Domingo DOM"]
[Date "2003.12.04"]
[Round "9"]
[White "Stefansson,H"]
[Black "Zapata,A"]
[Result "1/2-1/2"]
[WhiteElo "2567"]
[BlackElo "2472"]

1.e4 c5 2.Nf3 e6 3.d4 cxd4 4.Nxd4 a6 5.Nc3 Qc7 6.Bd3 Nc6 7.Nxc6 dxc6 8.O-O e5
9.f4 Nf6 10.Kh1 Bd6 11.f5 h6 12.Be3 Qe7 13.a4 a5 14.Qf3 Bc5 15.Nd1 b6 16.Nf2 Bb7
17.Bc4 Rd8 18.c3 O-O 19.g4 Bxe3 20.Qxe3 c5 21.Rg1 Nh7 22.g5 Nxg5 23.Rg4 Kh8
24.Rag1 Rd6 25.R1g2 g6 26.fxg6 fxg6 27.h4 Rf3 28.Qe2 Rxf2 29.Rxf2 Nxe4 30.Rxe4 Qxh4+
31.Kg1 Bxe4  1/2-1/2

[Event "Kurent Men"]
[Site "Ptuj SLO"]
[Date "2003.12.05"]
[Round "8"]
[White "Kozakov,M"]
[Black "Illijin,N"]
[Result "1-0"]
[WhiteElo "2457"]
[BlackElo "2271"]

1.e4 c5 2.Nf3 e6 3.d4 cxd4 4.Nxd4 a6 5.Nc3 Qc7 6.Bd3 Nc6 7.Be3 b5 8.f4 Nxd4
9.Bxd4 Qxf4 10.Rf1 Qc7 11.Qh5 Nh6 12.g4 d6 13.g5 Ng8 14.Nxb5 Qb7 15.Bxg7 axb5
16.Bxh8  1-0

[Event "VIII Mirko Srajber Mem"]
[Site "Subotica SCG"]
[Date "2003.12.05"]
[Round "8"]
[White "Parligras,M"]
[Black "Predojevic,B"]
[Result "1-0"]
[WhiteElo "2525"]
[BlackElo "2462"]

1.e4 c5 2.Nf3 e6 3.d4 cxd4 4.Nxd4 a6 5.Nc3 Qc7 6.Bd3 Nc6 7.Be3 Nf6 8.O-O Bd6
9.Nxc6 bxc6 10.f4 e5 11.f5 Be7 12.Qf3 Bb7 13.Rae1 d5 14.Qg3 Rc8 15.Na4 d4
16.Bd2 c5 17.b3 h5 18.Nb2 h4 19.Qh3 Kf8 20.Nc4 Nd7 21.g4 Qd8 22.Na5 Rc7 23.Nxb7 Rxb7
24.Bxa6 Ra7 25.Bb5 Bg5 26.Bxg5 Qxg5 27.Bxd7 Rxd7 28.Kh1 Rh6 29.Qf3 h3 30.Rg1 Kg8
31.Rg3 Ra6 32.a4 c4 33.bxc4 Rxa4 34.Qb3 Ra8 35.Reg1 Rc7 36.Rxh3 Rac8 37.Ra1 Qxg4
38.Qd3 f6 39.Rg3 Qh5 40.Rag1 Qe8 41.Rg6 Qc6 42.Qf3 Rf7 43.Qg4 Rcc7 44.Qh4 Qxc4
45.Rxf6 Qxc2 46.Rh6 Rxf5 47.exf5 Re7  1-0

[Event "TCh-CZE Extraliga 2003-4"]
[Site "Czech Rep CZE"]
[Date "2003.12.06"]
[Round "3"]
[White "Zezulkin,J"]
[Black "Votava,J"]
[Result "1/2-1/2"]
[WhiteElo "2543"]
[BlackElo "2506"]

1.e4 c5 2.Nc3 e6 3.Nf3 a6 4.d4 cxd4 5.Nxd4 b5 6.Bd3 d6 7.O-O Nf6 8.f4 Bb7
9.Qf3 Be7 10.Nd1 Nbd7 11.Nf2  1/2-1/2

[Event "Kurent Men"]
[Site "Ptuj SLO"]
[Date "2003.12.06"]
[Round "10"]
[White "Bratovic,B"]
[Black "Illijin,N"]
[Result "0-1"]
[WhiteElo "2366"]
[BlackElo "2271"]

1.e4 c5 2.Nf3 e6 3.d4 cxd4 4.Nxd4 a6 5.Nc3 b5 6.Bd3 Qb6 7.Nb3 Qc7 8.O-O Nf6
9.f4 d6 10.Qe2 Nbd7 11.Bd2 b4 12.Nd1 Bb7 13.Nf2 a5 14.a3 a4 15.Nd4 bxa3 16.bxa3 Be7
17.Rab1 O-O 18.e5 Ne8 19.Nb5 Qc6 20.Be4 d5 21.Bd3 Nc5 22.Nd4 Qc8 23.f5 Ba6
24.f6 Bxd3 25.cxd3 gxf6 26.Ng4 Nd7 27.exf6 Bc5 28.Be3 Kh8 29.Rbc1 Qa6 30.Nf3 Bxa3
31.Rc7 Nxc7  0-1

[Event "2nd Subasic Mem"]
[Site "Zenica BIH"]
[Date "2003.12.06"]
[Round "1"]
[White "Trkulja,G"]
[Black "Boskovic,D"]
[Result "0-1"]
[WhiteElo "2293"]
[BlackElo "2402"]

1.e4 c5 2.Nf3 e6 3.d4 cxd4 4.Nxd4 a6 5.Nc3 Qc7 6.f4 b5 7.a3 Bb7 8.Bd3 Nc6
9.Nf3 d6 10.O-O Nf6 11.Qe1 Be7 12.Kh1 O-O 13.b4 e5 14.Nd5 Nxd5 15.exd5 Nd4
16.fxe5 Nxf3 17.Qe4 g6 18.Qxf3 dxe5 19.Bh6 f5 20.Bxf8 Rxf8 21.Qg3 Kh8 22.a4 Bd6
23.Be2 Qxc2 24.Qe3 Bxd5 25.Rfd1 Qc6 26.axb5 axb5 27.Rac1 Qb7 28.Bf3 Bxf3
29.gxf3 Bb8 30.Kg2 Re8 31.Qc3 Qe7 32.f4 Qh4 33.Qc6 Rf8 34.Qc5 Qg4+ 35.Kh1 Qf3+
36.Kg1 Qg4+ 37.Kh1 Qf3+ 38.Kg1 Rg8 39.Rf1 Qb7 40.Ra1 Rc8 41.Qe3 Bc7 42.Ra7 Qb6
43.Qf2 Qxf2+ 44.Rxf2 Bb6 45.Rb7 Bxf2+ 46.Kxf2 Rc2+ 47.Ke3 Rc1 48.fxe5 Rb1  0-1

[Event "It Resort and Casino"]
[Site "Decameron DOM"]
[Date "2003.12.07"]
[Round "2"]
[White "Lugo,B"]
[Black "Zapata,A"]
[Result "0-1"]
[WhiteElo "2418"]
[BlackElo "2472"]

1.e4 c5 2.Nf3 e6 3.d4 cxd4 4.Nxd4 a6 5.Nc3 b5 6.Be3 d6 7.f3 Ne7 8.Qd2 Nec6
9.O-O-O Be7 10.Kb1 O-O 11.g4 Nxd4 12.Bxd4 Nc6 13.Be3 Ne5 14.Qg2 Qa5 15.f4 b4
16.Ne2 Nc4 17.Bc1 Bb7 18.Nd4 Rfc8 19.g5 Bf8 20.Bd3 Qb6 21.Qh3 Qxd4 22.f5 g6
23.Rhf1 Bxe4 24.fxe6 Bg7 25.exf7+ Kh8 26.Rf6 Rab8 27.Re1 Na3+ 28.Ka1 Nxc2+
29.Bxc2 Rxc2 30.Qb3 Rf8 31.Be3 Qc4 32.Qa4 Re2 33.Rd1 Qc3  0-1

[Event "87th Marshall CCC"]
[Site "New York USA"]
[Date "2003.12.07"]
[Round "9"]
[White "Thaler,Mi"]
[Black "Sena,J"]
[Result "0-1"]
[WhiteElo "2093"]
[BlackElo "2163"]

1.e4 c5 2.Nf3 e6 3.d4 cxd4 4.Nxd4 a6 5.Nc3 Qc7 6.Be2 Nf6 7.O-O Nc6 8.Be3 b5
9.Nxc6 dxc6 10.Bf3 Bb7 11.Bg5 Rd8 12.Qe2 Bb4 13.e5 Bxc3 14.bxc3 h6 15.Bxf6 gxf6
16.exf6 Qf4 17.Qe3 Qxf6 18.Qb6 Qe7 19.Bxc6+ Bxc6 20.Qxc6+ Kf8 21.Qxa6 Qc5
22.Rab1 Rd5 23.Qa5 Kg7 24.Qb4 Ra8 25.Rb2 Ra4 26.Qb3 Rc4 27.Rbb1 Rxc3 28.Qb2 Kh7
29.Qb4 Rxc2 30.Qe4+ Rf5 31.Rxb5 Qxf2+  0-1

[Event "VIII Mirko Srajber Mem"]
[Site "Subotica SCG"]
[Date "2003.12.07"]
[Round "10"]
[White "Colovic,A"]
[Black "Predojevic,B"]
[Result "1/2-1/2"]
[WhiteElo "2412"]
[BlackElo "2462"]

1.e4 c5 2.Nf3 e6 3.d4 cxd4 4.Nxd4 a6 5.Nc3 Qc7 6.Bd3 Nc6 7.Nxc6 dxc6 8.f4 e5
9.f5 Nf6 10.Be3 b5 11.Qf3 Bb7 12.O-O Be7 13.a4 O-O 14.g4 h6 15.g5 hxg5 16.Bxg5 Rad8
17.Kh1 b4 18.Rg1 Rd6 19.Nd1 c5 20.Ne3 Rfd8 21.Bxf6 Bxf6 22.Bc4 Rd4 23.Bd5 Bxd5
24.Nxd5 R8xd5 25.exd5 e4 26.Qg3 Qd8 27.d6 Rxd6 28.Rae1 Rd2 29.Rxe4 Qd5 30.Qf3 Be5
31.Rg2 Rd1+ 32.Rg1 Rd2 33.Rg2 Rd1+ 34.Rg1 Rd2  1/2-1/2

[Event "6th Open"]
[Site "Tanta City EGY"]
[Date "2003.12.07"]
[Round "1"]
[White "Jday,W"]
[Black "Elgabry,M"]
[Result "0-1"]
[WhiteElo "2101"]
[BlackElo "2317"]

1.e4 c5 2.Nf3 a6 3.Nc3 e6 4.d4 cxd4 5.Nxd4 b5 6.Be3 Bb7 7.Bd3 d6 8.Qe2 Nf6
9.f3 Be7 10.O-O-O Nbd7 11.g4 Rc8 12.g5 Nh5 13.f4 g6 14.f5 e5 15.Nf3 Rxc3
16.bxc3 Qa5 17.f6 Bd8 18.Kb2 Nb6 19.Bxb6 Bxb6 20.Nd2 Bc5 21.Nb1 O-O 22.Qd2 Qa4
23.Rde1 Bc8 24.a3 Be6 25.Qc1 a5 26.Ka1 b4 27.Qb2 Rb8 28.Nd2 Rb6 29.Nb3 bxc3
30.Qa2 Bxa3 31.Rb1 h6 32.h4 Nf4 33.Rhd1 Qb4 34.Nc1 Bb2+  0-1

[Event "II Manuel Pereyra Puebla Mem"]
[Site "Mendoza ARG"]
[Date "2003.12.08"]
[Round "4"]
[White "Needleman,G"]
[Black "Giardelli,S"]
[Result "1/2-1/2"]
[WhiteElo "2195"]
[BlackElo "2445"]

1.e4 c5 2.Nf3 e6 3.d4 cxd4 4.Nxd4 a6 5.Nc3 b5 6.Bd3 Qb6 7.Be3 Bc5 8.Be2 Nc6
9.Nxc6 dxc6 10.Bxc5 Qxc5 11.Qd3 Nf6 12.O-O-O O-O 13.f4 e5 14.f5 b4 15.Nb1 a5
16.Nd2 Ba6 17.Qf3 a4 18.Bxa6 Rxa6 19.Qe2 Ra5 20.Kb1 Rb5 21.g4 a3 22.Nb3 Qa7
23.g5 Nd7 24.g6 axb2 25.Qc4 Nb6 26.gxf7+ Kh8 27.Qxc6 Na4 28.Rd3 Rbb8 29.Qc4 Rfc8
30.Rhd1 Nc3+ 31.Rxc3 bxc3 32.f8=R+ Rxf8 33.Qxc3 Rfe8 34.Rd5 Qe7 35.Qc5 Qxc5
36.Rxc5 h5 37.Kxb2 Kh7 38.c4 h4 39.Rc6 Rbc8 40.Rxc8 Rxc8 41.c5 Kh6 42.Kc3 Kg5
43.Kc4 Kf4 44.Kd5 Rd8+ 45.Ke6 Ra8 46.c6 Rxa2 47.Nc5 Rc2 48.Kd6 Rd2+ 49.Ke6 Rc2
50.Kd5 Rd2+ 51.Kc4 Rc2+ 52.Kb5 Rb2+ 53.Ka6 Rc2 54.Kb6  1/2-1/2

[Event "It Resort and Casino"]
[Site "Decameron DOM"]
[Date "2003.12.09"]
[Round "6"]
[White "Dominiguez,JM"]
[Black "Zapata,A"]
[Result "0-1"]
[WhiteElo "2313"]
[BlackElo "2472"]

1.e4 c5 2.Nf3 e6 3.d4 cxd4 4.Nxd4 a6 5.Nc3 b5 6.Bd3 d6 7.Be3 Nf6 8.f4 Bb7
9.Qf3 Nbd7 10.O-O Rc8 11.Rae1 Be7 12.g4 h6 13.a3 g5 14.Qh3 gxf4 15.Bxf4 Rg8
16.g5 hxg5 17.Be3 Ne5 18.Nxe6 g4 19.Ng7+ Rxg7 20.Qh8+ Rg8 21.Qh6 Nf3+ 22.Kf2 Rxc3
23.bxc3 Bf8 24.Qf4 Rh8 25.Rh1 Bh6 26.Qg3 Nxe1 27.Rxe1 Bxe3+ 28.Rxe3 Rh3 29.Qf4 Qb6
30.Ke2 Rxe3+ 31.Qxe3 Qc5 32.Qf4 Qe5  0-1

[Event "It Resort and Casino"]
[Site "Decameron DOM"]
[Date "2003.12.09"]
[Round "6"]
[White "Ramirez,Al"]
[Black "Mateo,Ra"]
[Result "1-0"]
[WhiteElo "2483"]
[BlackElo "2445"]

1.e4 c5 2.Nf3 e6 3.d4 cxd4 4.Nxd4 a6 5.Nc3 d6 6.Be2 Nf6 7.O-O b6 8.f4 Ra7
9.Be3 Be7 10.Qe1 O-O 11.Qg3 Rd7 12.f5 e5 13.Bh6 Ne8 14.Nd5 Bh4 15.Qg4 Rb7
16.Bxa6 Nxa6 17.Nc6 Qd7 18.Bxg7 Nxg7 19.Qxh4 f6 20.Nce7+ Qxe7 21.Nxe7+ Rxe7
22.Rad1 Rd7 23.Rf3 Bb7 24.Rh3 Ne8 25.Rb3 Nc5 26.Rxb6 Bxe4 27.b4 Na4 28.Qxe4 d5
29.Qe3 Nxb6 30.Qxb6 d4 31.Qe6+ Rdf7 32.b5 Ng7 33.Qb3 Nxf5 34.Rf1 Ne3 35.Rxf6 Kg7
36.Rxf7+ Rxf7 37.Qxf7+ Kxf7 38.b6  1-0

[Event "CGT Magistral"]
[Site "Buenos Aires ARG"]
[Date "2003.12.11"]
[Round "1"]
[White "Crosa,M"]
[Black "Rodriguez,JL"]
[Result "1/2-1/2"]
[WhiteElo "2403"]
[BlackElo "2411"]

1.e4 c5 2.Nf3 e6 3.d4 cxd4 4.Nxd4 a6 5.Nc3 b5 6.Bd3 Qb6 7.Nb3 Qc7 8.f4 Bb7
9.Bd2 Ne7 10.a4 b4 11.Ne2 Ng6 12.O-O Be7 13.Ng3 O-O 14.Nh5 f5 15.exf5 exf5
16.Qe2 Nc6 17.Rae1 Bh4 18.Ng3 Nge7 19.Qf2 a5 20.Re2 g6 21.Rfe1 Bf6 22.c3 Ba6
23.Bb5 bxc3 24.Bxc3 Nd5 25.Bxf6 Nxf6 26.Qc5 Qxf4 27.Bxc6 dxc6 28.Re7 Qc4
29.Qxc4+ Bxc4 30.Nd4 Bd5 31.Rc1 Rfc8 32.Rc5 Rab8 33.b3 Bxb3 34.Nxb3 Rxb3
35.Rxa5 Rb1+ 36.Kf2 Ng4+ 37.Kf3 Nxh2+ 38.Kf4 Rb4+ 39.Ke5 Ng4+ 40.Ke6 Rb3
41.Raa7 Re3+ 42.Kd6 Rxe7 43.Kxe7 h5 44.Ne2 Rf8 45.Rd7 Ne5 46.Rd8 Rxd8 47.Kxd8 c5
48.Kc7 Nc4 49.Kc6 h4 50.Kxc5 Na5 51.Kb5 Nb7 52.Nd4 Kf7 53.Kc6 Na5+ 54.Kb6 Nc4+
55.Kc5 Na5 56.Nf3 Kf6 57.Kd5  1/2-1/2

[Event "21st Cairnhill Open"]
[Site "Singapore SIN"]
[Date "2003.12.11"]
[Round "6"]
[White "Kashtanov,R"]
[Black "Ramos,Do"]
[Result "1/2-1/2"]
[WhiteElo "2396"]
[BlackElo "2331"]

1.e4 c5 2.Nf3 e6 3.d4 cxd4 4.Nxd4 a6 5.Nc3 Qc7 6.Be2 b5 7.O-O Bb7 8.Re1 d6
9.Bh5 g6 10.Bg4 Be7 11.Bxe6 fxe6 12.Nxe6 Qd7 13.Nd5 Kf7 14.Nec7 Nf6 15.Nxa8 Bxa8
16.Nb6 Qc6 17.Nxa8 Nbd7 18.c3 Rxa8 19.a4 Rb8 20.axb5 axb5 21.Bg5 Bd8 22.Qd3 Bb6
23.Rad1 Ne8 24.Qh3 h5 25.Rd2 Ra8 26.Be3 Ne5 27.Bd4 Nf6 28.Rde2 Qc4 29.Qe3 Bc7
30.f4 Nc6 31.b3 Qxb3 32.Bxf6 Kxf6 33.e5+ Kg7  1/2-1/2

[Event "FSGM December"]
[Site "Budapest HUN"]
[Date "2003.12.12"]
[Round "7"]
[White "Antal,Ge"]
[Black "Drabke,L"]
[Result "0-1"]
[WhiteElo "2473"]
[BlackElo "2449"]

1.e4 c5 2.Nf3 e6 3.d4 cxd4 4.Nxd4 a6 5.Nc3 b5 6.Bd3 Qb6 7.Nf3 Nc6 8.O-O Qb8
9.e5 Nge7 10.Re1 Bb7 11.Be4 Ng6 12.h4 d5 13.exd6 Qxd6 14.h5 Qxd1 15.Rxd1 Nge7
16.Ne5 f5 17.Bxc6+ Nxc6 18.Bf4 Nxe5 19.Bxe5 Rg8 20.a4 b4 21.Ne2 Be7 22.c3 bxc3
23.bxc3 Kf7 24.Rab1 Bc6 25.Rb6 Bxa4 26.Ra1 Bb5 27.Nd4 Bc4 28.Ra4 Rgc8 29.g4 g6
30.h6 Ra7 31.g5 Bxg5 32.Nc6 Rxc6 33.Rxc6 Bb5 34.Rc8 Bxa4 35.Rh8 Bf6 36.Rxh7+ Kg8
37.Rxa7 Bxe5 38.Rxa6 Bb3 39.Rc6 Kh7 40.c4 Bd4 41.c5 Kxh6 42.Rc8 Kg5 43.c6 Bd5
44.Kf1 Bb6 45.Rb8 Bc7 46.Rc8 Be5 47.Ke2 Kf4 48.Ke1 g5 49.Kf1 g4 50.Kg1 Ke4
51.Re8 Bd6 52.Rc8 Kd4 53.c7 Kc5  0-1

[Event "ch-IND National A"]
[Site "Calicut IND"]
[Date "2003.12.12"]
[Round "13"]
[White "Das,A"]
[Black "Koneru,H"]
[Result "1/2-1/2"]
[WhiteElo "2299"]
[BlackElo "2485"]

1.e4 c5 2.Nf3 e6 3.d4 cxd4 4.Nxd4 a6 5.Nc3 Qc7 6.Be2 b5 7.O-O b4 8.Na4 Bb7
9.Bf3 Bd6 10.g3 Ne7 11.Re1 Nbc6 12.Bg2 O-O 13.Be3 f5 14.Nb3 fxe4 15.Bb6 Qb8
16.Nbc5 Bc8 17.Nxe4 Bc7 18.Bc5 Qb5 19.c4 Qb8 20.Nd6 Rd8 21.a3 a5 22.Be4 Ng6
23.Nb5 Ra6 24.Nxc7 Qxc7 25.Bd6 Qa7 26.c5 Nce7 27.Qh5 Re8 28.Nb6 Bb7 29.Bxb7 Qxb7
30.axb4 Nf5 31.b5 Rxb6 32.cxb6 Nxd6 33.Qc5 Nf5 34.Qc7 Qd5 35.Rad1 Nd4 36.Rxd4 Qxd4
37.b7 Qa7 38.Rc1 Ne7 39.Qxd7 Rf8 40.Rc2 Ng6 41.Qxe6+ Kh8 42.Qc8 h5 43.Qe6 Kh7
44.Qd5 Ne7 45.Qd7 Ng6 46.Qd5 Ne7 47.Qd7 Ng8 48.Qc8 Qb8 49.Qxf8 Qxf8 50.Rc8 Qf3
51.b8=Q Qd1+ 52.Kg2 Qd5+ 53.Kf1 Qd1+ 54.Kg2 Qd5+ 55.Kg1 Qd1+ 56.Kg2  1/2-1/2

[Event "22nd SEA Games Standard"]
[Site "Ho Chi Minh City VIE"]
[Date "2003.12.12"]
[Round "8"]
[White "Saelee,U"]
[Black "Nguyen Anh Dung"]
[Result "0-1"]
[WhiteElo "2130"]
[BlackElo "2540"]

1.e4 c5 2.Nf3 e6 3.d4 cxd4 4.Nxd4 a6 5.Nc3 b5 6.Bd3 Qb6 7.Be3 Bc5 8.Nce2 Nf6
9.c3 Ng4 10.Bc1 e5 11.b4 Be7 12.Nf4 Nf6 13.Nf5 exf4 14.Nxg7+ Kf8 15.Nf5 d6
16.Bxf4 Bxf5 17.exf5 Nbd7 18.O-O Ne5 19.a4 Kg7 20.Qd2 Rhg8 21.Rae1 Kh8 22.Bxe5 dxe5
23.axb5 Rad8 24.Qc2 Nd5 25.Be4 axb5 26.Qb3 Nf4 27.Kh1 f6 28.g3 Nh3 29.Kg2 Nf4+
30.Kh1 Nh3 31.Kg2 Ng5 32.Bd5 Rxd5 33.Qxd5 Rd8 34.Qa2 Qc6+ 35.f3 Rd3 36.Ra1 Qxc3
37.Qa8+ Rd8 38.Qb7 Rd2+ 39.Kh1 Qxb4 40.Ra7 Qc4 41.Re1 Qd4 42.Ra8+ Bd8 43.Rf1 Qd3
44.Re1 Rxh2+ 45.Kxh2 Qd2+ 46.Kg1  0-1

[Event "6th Open"]
[Site "Tanta City EGY"]
[Date "2003.12.13"]
[Round "6"]
[White "Frhat,A"]
[Black "Manolache,M"]
[Result "0-1"]
[WhiteElo "2313"]
[BlackElo "2457"]

1.e4 c5 2.Nf3 e6 3.d4 cxd4 4.Nxd4 a6 5.Nc3 Qc7 6.Bd3 b5 7.O-O Bb7 8.Kh1 Nf6
9.Qe2 Nc6 10.Nxc6 Qxc6 11.Bg5 Be7 12.a3 h6 13.Bd2 O-O 14.f4 d5 15.exd5 exd5
16.Qxe7 Rfe8 17.Qb4 d4 18.Rg1 Ng4 19.Nd1 Qd5 20.Be1 Qh5 21.h4 g5 22.fxg5 hxg5
23.Rf1 Re5 24.Kg1 gxh4 25.Qxd4 h3 26.Nf2 h2+ 27.Kh1 Bxg2+ 28.Kxg2 Ne3+ 29.Qxe3 Rxe3
30.Nh1 Qh3+  0-1